Loading...
| Social Science | 0 | 3 | 0 | 0 | 30 | 67 | 79.33 | 0 | 0 | 0.00 | 0.00 |
| Fine Arts - Other | 0 | 2 | 0 | 1 | 20 | 114 | 126.00 | 0 | 1 | 0.00 | 0.00 |
| Fine Arts - Painting and Sculpture | 0 | 2 | 0 | 0 | 20 | 111 | 116.50 | 0 | 0 | 0.00 | 0.00 |
| History - American | 0 | 2 | 0 | 0 | 20 | 81 | 96.00 | 1 | 1 | 0.00 | 0.00 |
| Literature - American | 0 | 2 | 0 | 0 | 20 | 119 | 131.50 | 0 | 1 | 0.00 | 0.00 |
| History - Other | 0 | 2 | 0 | 0 | 20 | 85 | 90.00 | 0 | 0 | 0.00 | 0.00 |
| History - World | 0 | 2 | 0 | 1 | 20 | 83 | 111.50 | 0 | 2 | 0.00 | 0.00 |
| Philosophy | 0 | 2 | 0 | 0 | 20 | 107 | 115.50 | 0 | 0 | 0.00 | 0.00 |
| History - European | 0 | 2 | 1 | 1 | 15 | 98 | 105.50 | 0 | 0 | 0.00 | 0.00 |
| Literature - British | 0 | 1 | 0 | 0 | 10 | 144 | 144.00 | 0 | 0 | 0.00 | 0.00 |
| Literature - European | 0 | 1 | 0 | 0 | 10 | 131 | 131.00 | 0 | 0 | 0.00 | 0.00 |
| Current Events | 0 | 1 | 0 | 0 | 10 | 99 | 99.00 | 0 | 0 | 0.00 | 0.00 |
| Science - Physics | 0 | 1 | 0 | 1 | 10 | 119 | 119.00 | 0 | 0 | 0.00 | 0.00 |
| Fine Arts - Classical Music | 0 | 0 | 0 | 0 | 0 | 0.00 | 0 | 0 | 0.00 | 0.00 | |
| Science - Other | 0 | 0 | 0 | 0 | 0 | 0.00 | 0 | 0 | 0.00 | 0.00 | |
| Religion | 0 | 0 | 0 | 0 | 0 | 0.00 | 0 | 0 | 0.00 | 0.00 | |
| Science - Chemistry | 0 | 0 | 1 | 0 | -5 | 0.00 | 0 | 0 | 0.00 | 0.00 |